Grammy Awards(Biggest snubs) - Statistics

General Stats
  • This quiz has been taken 74 times
  • The average score is 9 of 14
Answer Stats
Nominations - Wins Answer SIgnature song Debut % Correct
13 - 0 Katy Perry Roar 2008
94%
9 - 0 Sia Chandelier 1997
88%
19 - 3 Ariana Grande 7 rings 2013
84%
4 - 0 Kesha Tik Tok 2009
84%
12 - 0 Nicki Minaj Anaconda 2010
84%
11 - 0 Lana del rey Summertime Sadness 2011
75%
0 - 0 Spice Girl Wannabe 1996
67%
3 - 0 Arctic Monkeys I Wanna Be Yours 2006
57%
2 - 0 Jennifer Lopez On the Floor 1999
57%
2 - 0 Selena Gomez Lose You To Love Me 2009
49%
2 - 0 Demi Lovato Heart Attack 2008
48%
17 - 0 Snoop Dogg Young, Wild & Free 1993
48%
17 - 1 Nas N.Y. State of Mind 1994
39%
2 - 0 Morgan Wallen Last Night 2018
28%
No matching quizzes found
Score Distribution
Percent of People with Each Score
Percentile by Number Answered
Your Score History
You have not taken this quiz